Best movies from each year since 2000 - Statistics

General Stats
  • This quiz has been taken 57 times
  • The average score is 8 of 24
Answer Stats
Year Answer % Correct
2015 {Star Wars:} The Force Awakens
74%
2011 Harry Potter And {The Deathly Hallows} II
68%
2001 Harry Potter And {The Sorcerer’s Stone}
56%
2016 {Rogue One}: A Star Wars Story
56%
2017 Star Wars: {The Last Jedi}
52%
2023 Barbie
50%
2005 Star Wars: Ep. III – {Revenge Of The Sith}
46%
2012 Avengers
44%
2013 The Hunger Games: {Catching Fire}
42%
2010 {Toy Story} 3
40%
2006 Pirates Of The Caribbean: {Dead Man’s Chest}
34%
2009 Avatar
32%
2019 Avengers: Endgame
32%
2002 Spider Man
32%
2007 {Spider Man} 3
32%
2008 The Dark Knight
22%
2022 Top Gun: Maverick
20%
2018 Black Panther
18%
2004 {Shrek} 2
18%
2021 Spider-Man: No Way Home
18%
2003 Finding Nemo
12%
2014 American Sniper
6%
2020 Bad Boys For Life
6%
2000 How the Grinch Stole Christmas
2%
No matching quizzes found
Score Distribution
Percent of People with Each Score
Percentile by Number Answered
Your Score History
You have not taken this quiz